Bundesländer Hauptstädte - Statistiken

Allgemein
  • Dieses Quiz wurde 3.519 mal gespielt
  • Das Durchschnittsergebnis liegt bei 14 aus 16
Antwortstatistiken
Bundesland Hauptstadt % Korrekt
Berlin Berlin
99%
Bremen Bremen
99%
Hamburg Hamburg
99%
Bayern München
99%
Schleswig-Holstein Kiel
91%
Saarland Saarbrücken
91%
Nordrhein-Westfalen Düsseldorf
90%
Baden-Württemberg Stuttgart
90%
Sachsen Dresden
88%
Brandenburg Potsdam
85%
Niedersachsen Hannover
84%
Thüringen Erfurt
80%
Rheinland-Pfalz Mainz
80%
Mecklenburg-Vorpommern Schwerin
79%
Hessen Wiesbaden
77%
Sachsen-Anhalt Magdeburg
70%
Keine übereinstimmenden Quizze gefunden
Verteilung der Resultate
Anzahl Personen mit jedem Resultat
Perzentil nach korrekt beantworteten Fragen
Ihre Resultats-Entwicklung
Sie haben dieses Quiz noch nicht gespielt